000 00677nam a2200277Ia 4500
005 20260324130636.0
008 008 260324s9999 xx 000 0 eng d
020 _a9780203824696
037 _aEBOOK
040 _aCRL
040 _beng
040 _cCRL
041 _2eng
041 _aeng
084 _qCRL
100 _aSandra K. Abell; Ken Appleton; Deborah Hanuscin
_91182546
245 0 _aHandbook of Research on Science Education
260 _bTaylor and Francis
260 _c2007
365 _a
365 _b595
856 _uhttp://www.taylorfrancis.com/books/9780203824696
942 _cEBOOK
999 _c1778895
_d1778895